[Event "Sitges Sunway op 9th"]
[Site "Sitges"]
[Date "2022.12.12"]
[Round "1"]
[White "Pablo Marin, Alejandro"]
[Black "Pina, Tiago Miguel Catala"]
[Result "1-0"]
[WhiteElo "2338"]
[BlackElo "1916"]
[PlyCount "105"]
[EventDate "2022.12.12"]
[EventType "swiss"]
[EventRounds "10"]
[EventCountry "ESP"]
[SourceTitle "CBM 211 Extra"]
[Source "ChessBase"]
[SourceDate "2023.01.31"]
[SourceVersion "1"]
[SourceVersionDate "2023.01.31"]
[SourceQuality "1"]

1. Nf3 Nf6 2. d4 d5 3. Bf4 c5 4. e3 Nc6 5. Nbd2 Qb6 6. dxc5 Qxb2 7. Rb1 Qc3 8. Bb5 Qxc5 9. c4 e6 10. 0-0 Be7 11. Nb3 Qa3 12. Nfd4 0-0 13. Nc2 Qxa2 14. Qc1 Na5 15. Nd2 Nxc4 16. Bxc4 Qa5 17. Bd3 Nd7 18. Bg3 e5 19. Rb5 Qc3 20. Rxd5 f6 21. Bc4 Kh8 22. Rd3 Qa5 23. Qa1 Qc7 24. Rc3 Nc5 25. Nb4 Bd7 26. Nd5 Qd6 27. Nxe7 Qxe7 28. Bd5 Rfd8 29. Rfc1 Be6 30. Rxc5 Bxd5 31. Nf1 Be4 32. f3 Bd3 33. Rc7 Qb4 34. Qc3 Qb5 35. Rc5 Qa6 36. e4 b6 37. Rc7 Bxf1 38. Rxf1 Rd3 39. Qa1 Ra3 40. Qc1 Rd8 41. Bf2 h5 42. Be3 Ra2 43. Rxg7 Qe2 44. Bf2 Kxg7 45. Qc7+ Kg6 46. Qxd8 Rd2 47. Qg8+ Kh6 48. h3 Rd1 49. Rxd1 Qxd1+ 50. Kh2 Qd2 51. Bh4 Qf4+ 52. Bg3 Qd2 53. Qf7 1-0

[Event "Lisbon Portugal rapid op"]
[Site "Lisbon"]
[Date "2022.09.03"]
[Round "3"]
[White "Pina, Tiago Miguel Catala"]
[Black "Pein, Malcolm"]
[Result "0-1"]
[WhiteElo "1916"]
[BlackElo "2304"]
[PlyCount "80"]
[EventDate "2022.09.03"]
[EventType "swiss (rapid)"]
[EventRounds "11"]
[EventCountry "POR"]
[SourceTitle "CBM 210 Extra"]
[Source "ChessBase"]
[SourceDate "2022.11.30"]
[SourceVersion "1"]
[SourceVersionDate "2022.11.30"]
[SourceQuality "1"]

1. e4 e5 2. Nf3 Nc6 3. Bb5 a6 4. Ba4 Nf6 5. 0-0 Be7 6. Bxc6 dxc6 7. Re1 Nd7 8. b3 0-0 9. Bb2 f6 10. c3 c5 11. Qc2 Re8 12. d4 cxd4 13. cxd4 exd4 14. Nxd4 Nf8 15. Nd2 Ne6 16. N2f3 Nxd4 17. Nxd4 c5 18. Nf5 Bf8 19. Ne3 Be6 20. Rad1 Qa5 21. Nc4 Qc7 22. e5 b5 23. Nd2 f5 24. Nf3 h6 25. Nd4 Qf7 26. Nxe6 Qxe6 27. f4 Rac8 28. Qe2 c4 29. bxc4 Rxc4 30. Qd2 Bb4 31. Qe3 Re4 32. Qf2 Bxe1 33. Rxe1 Rxe1+ 34. Qxe1 Qxa2 35. Qc3 Qb1+ 36. Kf2 Qe4 37. e6 Qxf4+ 38. Kg1 Qg5 39. Qc6 Qe3+ 40. Kf1 Qxe6 0-1

[Event "Famalicao op 9th"]
[Site "Vila Nova de Famalicao"]
[Date "2022.07.28"]
[Round "7"]
[White "Das, Sayantan"]
[Black "Pina, Tiago Miguel Catala"]
[Result "1-0"]
[WhiteElo "2449"]
[BlackElo "1897"]
[PlyCount "47"]
[EventDate "2022.07.25"]
[EventType "swiss"]
[EventRounds "9"]
[EventCountry "POR"]
[SourceTitle "CBM 209 Extra"]
[Source "ChessBase"]
[SourceDate "2022.09.30"]
[SourceVersion "1"]
[SourceVersionDate "2022.09.30"]
[SourceQuality "1"]

1. e4 c5 2. Nf3 Nc6 3. Bb5 g6 4. c3 Nf6 5. Qe2 Bg7 6. d4 cxd4 7. cxd4 d5 8. e5 Ne4 9. 0-0 0-0 10. Nc3 Bg4 11. Rd1 Nxc3 12. bxc3 f6 13. e6 Qa5 14. Bxc6 bxc6 15. h3 Bxf3 16. Qxf3 Rab8 17. h4 Rfd8 18. h5 c5 19. hxg6 hxg6 20. Qd3 Kh7 21. Qh3+ Kg8 22. Rd3 cxd4 23. Rg3 f5 24. Bh6 1-0

[Event "POR-ch U14/20"]
[Site "Fatima"]
[Date "2022.04.13"]
[Round "6"]
[White "Sousa, Ricardo Miguel Mora"]
[Black "Pina, Tiago Miguel Catala"]
[Result "1/2-1/2"]
[WhiteElo "2077"]
[BlackElo "1938"]
[PlyCount "50"]
[EventDate "2022.04.10"]
[EventType "swiss"]
[EventRounds "9"]
[EventCountry "POR"]
[SourceTitle "EXT 2023"]
[Source "ChessBase"]
[SourceDate "2022.10.05"]
[SourceVersion "1"]
[SourceVersionDate "2022.10.05"]
[SourceQuality "1"]

1. d4 Nf6 2. Nf3 c5 3. c3 g6 4. Bf4 Bg7 5. e3 b6 6. Be2 Bb7 7. 0-0 0-0 8. Nbd2 d6 9. h3 Nbd7 10. Bh2 Re8 11. a4 a6 12. Qb3 d5 13. Rfd1 c4 14. Qc2 b5 15. Ne5 Nb6 16. axb5 axb5 17. b3 Nfd7 18. Nxd7 Qxd7 19. bxc4 Nxc4 20. Nb3 Rxa1 21. Rxa1 Ra8 22. Rxa8+ Bxa8 23. Qa2 Qc6 24. Qa7 Qb7 25. Qa2 Bf8 1/2-1/2

[Event "Famalicao op 8th"]
[Site "Vila Nova de Famalicao"]
[Date "2021.07.29"]
[Round "7"]
[White "Pina, Tiago Miguel Catala"]
[Black "Silva, Pedro Gil Ferreira"]
[Result "0-1"]
[WhiteElo "1918"]
[BlackElo "2175"]
[PlyCount "94"]
[EventDate "2021.07.26"]
[EventType "swiss"]
[EventRounds "9"]
[EventCountry "POR"]
[SourceTitle "CBM 203 Extra"]
[Source "ChessBase"]
[SourceDate "2021.09.30"]
[SourceVersion "1"]
[SourceVersionDate "2021.09.30"]
[SourceQuality "1"]

1. e4 c5 2. Nf3 d6 3. Nc3 Nf6 4. d4 cxd4 5. Nxd4 a6 6. h3 e5 7. Nb3 h5 8. Bg5 Be7 9. Be2 Nbd7 10. a4 b6 11. 0-0 Bb7 12. Bf3 Rc8 13. Qe2 Qc7 14. h4 Qc4 15. Qxc4 Rxc4 16. Rfe1 Ng4 17. Bxe7 Kxe7 18. g3 Rhc8 19. Be2 R4c7 20. Bd3 Nc5 21. Nxc5 Rxc5 22. Ra3 Nf6 23. Rb3 Nd7 24. Bf1 Rb8 25. Rd1 g6 26. Rd2 f5 27. exf5 gxf5 28. Be2 d5 29. Bxh5 d4 30. Nd1 Bd5 31. Ra3 Nf6 32. Bg6 Ne4 33. Re2 Kf6 34. h5 Rbc8 35. c3 dxc3 36. bxc3 Nxc3 37. Nxc3 Rxc3 38. Ra1 Rc1+ 39. Re1 Rxa1 40. Rxa1 Bf3 41. Rb1 b5 42. axb5 axb5 43. g4 fxg4 44. Kh2 Rc5 45. Kg3 Rc3 46. Kh2 Bc6 47. Rb4 Rh3+ 0-1

[Event "Portuguese Honra"]
[Site "Fatima"]
[Date "2021.04.08"]
[Round "3"]
[White "Pina, Tiago Miguel Catala"]
[Black "Barrento, Jorge Maria Lopes"]
[Result "1-0"]
[WhiteElo "1843"]
[BlackElo "1724"]
[PlyCount "29"]
[EventDate "2021.04.06"]
[EventType "tourn"]
[EventRounds "9"]
[EventCountry "POR"]
[SourceTitle "CBM 201 Extra"]
[Source "ChessBase"]
[SourceDate "2021.05.31"]
[SourceVersion "1"]
[SourceVersionDate "2021.05.31"]
[SourceQuality "1"]

1. e4 Nf6 2. e5 Nd5 3. d4 d6 4. Nf3 dxe5 5. Nxe5 c6 6. Be2 g6 7. 0-0 Bg7 8. c4 Nb6 9. f4 0-0 10. Nc3 Na6 11. Be3 Nc7 12. Qd2 Ne8 13. Rad1 Nd6 14. c5 Bxe5 15. dxe5 1-0

[Event "Pombal op 11th"]
[Site "Pombal"]
[Date "2020.10.03"]
[Round "2"]
[White "Veiga, Jose Francisco RP"]
[Black "Pina, Tiago Miguel Catala"]
[Result "1-0"]
[WhiteElo "2340"]
[BlackElo "1811"]
[PlyCount "63"]
[EventDate "2020.10.02"]
[EventType "swiss"]
[EventRounds "7"]
[EventCountry "POR"]
[SourceTitle "CBM 198 Extra"]
[Source "ChessBase"]
[SourceDate "2020.11.30"]
[SourceVersion "1"]
[SourceVersionDate "2020.11.30"]
[SourceQuality "1"]

1. e4 c5 2. Nf3 Nc6 3. d4 cxd4 4. Nxd4 g6 5. Nc3 Bg7 6. Nde2 d6 7. g3 b6 8. Bg2 Ba6 9. 0-0 Nf6 10. Re1 Rc8 11. Nd5 0-0 12. c3 Bb7 13. Bg5 Nxd5 14. exd5 Ne5 15. Nd4 h6 16. Bc1 a6 17. Qe2 Re8 18. f4 Nc4 19. b3 Na5 20. Qd3 b5 21. h4 Qd7 22. Kh2 Ba8 23. Bd2 Nb7 24. f5 Nc5 25. Qb1 g5 26. hxg5 hxg5 27. Bxg5 Qc7 28. Qd1 Nd7 29. Qg4 Qxc3 30. f6 Ne5 31. Rxe5 dxe5 32. Bh6 1-0

[Event "POR-ch U14"]
[Site "Luso"]
[Date "2018.03.28"]
[Round "7"]
[White "Pina, Tiago Miguel Catala"]
[Black "Martins, Jose Carlos Caetano"]
[Result "1/2-1/2"]
[WhiteElo "1149"]
[BlackElo "1681"]
[PlyCount "117"]
[EventDate "2018.03.24"]
[EventType "swiss"]
[EventRounds "7"]
[EventCountry "POR"]
[SourceTitle "EXT 2019"]
[Source "ChessBase"]
[SourceDate "2018.10.10"]
[SourceVersion "1"]
[SourceVersionDate "2018.10.10"]
[SourceQuality "1"]

1. e4 c5 2. Nf3 Nc6 3. d4 cxd4 4. Nxd4 Nf6 5. Nc3 g6 6. Be3 Bg7 7. Be2 d5 8. exd5 Nb4 9. d6 Qxd6 10. 0-0 0-0 11. Bf3 Nbd5 12. Nxd5 Nxd5 13. Bxd5 Qxd5 14. c3 e5 15. Nb3 Qxd1 16. Raxd1 b6 17. Rd2 f5 18. f3 f4 19. Bf2 Bf5 20. Bh4 h6 21. Rd5 g5 22. Bf2 Rfd8 23. Rfd1 Rxd5 24. Rxd5 Bf6 25. Kf1 Rd8 26. Rxd8+ Bxd8 27. Nd2 Bd3+ 28. Ke1 Kf7 29. Ne4 Ke6 30. Kd2 Bf1 31. g4 Ba6 32. b3 Bb7 33. Kd3 Be7 34. c4 Kf7 35. h3 Kg6 36. Bg1 h5 37. Bf2 hxg4 38. hxg4 Kf7 39. Be1 Ke6 40. Bc3 Bc6 41. a4 Be8 42. Bd2 Bg6 43. Bc3 Bf6 44. Be1 Kd7 45. Bb4 Ke6 46. Ba3 a6 47. Bb4 Bd8 48. Ba3 Kd7 49. Bb2 Ke6 50. Bc3 Be7 51. Bb2 Bb4 52. Ba1 Bc5 53. Bb2 b5 54. Ba1 Be7 55. Bb2 Bf6 56. Bc3 Kd7 57. Bb2 Kc6 58. Bc3 Kd7 59. Bb2 1/2-1/2

[Event "POR-ch U14"]
[Site "Luso"]
[Date "2018.03.24"]
[Round "1"]
[White "Pina, Tiago Miguel Catala"]
[Black "Sismeiro, Miguel"]
[Result "0-1"]
[WhiteElo "1149"]
[BlackElo "1686"]
[PlyCount "98"]
[EventDate "2018.03.24"]
[EventType "swiss"]
[EventRounds "7"]
[EventCountry "POR"]
[SourceTitle "EXT 2019"]
[Source "ChessBase"]
[SourceDate "2018.10.10"]
[SourceVersion "1"]
[SourceVersionDate "2018.10.10"]
[SourceQuality "1"]

1. Nf3 Nf6 2. d4 d5 3. c4 e6 4. Nc3 Be7 5. Bf4 0-0 6. h3 Nbd7 7. e3 b6 8. cxd5 exd5 9. Bd3 Bb7 10. 0-0 c5 11. Rc1 c4 12. Bb1 a6 13. a4 b5 14. axb5 axb5 15. Qc2 b4 16. Ne2 Qb6 17. Ne5 Rfd8 18. Nxd7 Rxd7 19. Be5 g6 20. f3 Rdd8 21. Qd2 Nd7 22. Bf4 Ba6 23. Rf2 Rac8 24. Ba2 Qa5 25. b3 c3 26. Qc2 Bd3 27. Qxd3 Qxa2 28. Qc2 Ra8 29. Rff1 Ra3 30. Qxa2 Rxa2 31. Kf2 Rda8 32. Rfd1 Rb2 33. Ra1 Ra3 34. Kf1 c2 35. Rdc1 Rxa1 36. Rxa1 Rb1+ 37. Nc1 Rxa1 38. e4 dxe4 39. fxe4 Nf6 40. e5 Nd5 41. Bd2 Nc3 42. Kf2 Ne4+ 43. Ke2 Nxd2 44. Kxd2 Bg5+ 45. Kxc2 Rxc1+ 46. Kd3 Rc3+ 47. Ke4 Rxb3 48. Kd5 Rc3 49. Kd6 b3 0-1

[Event "Lisbon Portugal op"]
[Site "Lisbon"]
[Date "2017.02.10"]
[Round "9"]
[White "Dias, Afonso Paredes"]
[Black "Pina, Tiago Miguel Catala"]
[Result "1-0"]
[WhiteElo "1026"]
[BlackElo "1053"]
[PlyCount "173"]
[EventDate "2017.02.04"]
[EventType "swiss"]
[EventRounds "9"]
[EventCountry "POR"]
[SourceTitle "CBM 176 Extra"]
[Source "ChessBase"]
[SourceDate "2017.03.02"]
[SourceVersion "1"]
[SourceVersionDate "2017.03.02"]
[SourceQuality "1"]

1. e4 e5 2. Nf3 Nc6 3. Bb5 a6 4. Bxc6 dxc6 5. 0-0 f6 6. Nc3 Bg4 7. d3 Bc5 8. Qe2 Ne7 9. Be3 Bxe3 10. Qxe3 0-0 11. h3 Bh5 12. Rfe1 Kh8 13. g4 Bg6 14. Rad1 Qd7 15. Kf1 h5 16. Nh2 hxg4 17. hxg4 Kg8 18. Ke2 b6 19. Kd2 c5 20. Rg1 Kf7 21. g5 Ke8 22. gxf6 Rxf6 23. Ng4 Re6 24. Kc1 Kd8 25. f4 exf4 26. Qxf4 Qe8 27. Ne5 Rf6 28. Qh4 Bh5 29. Rdf1 Rxf1+ 30. Rxf1 Kc8 31. Rh1 Bg6 32. Nxg6 Nxg6 33. Qh7 Qf7 34. Rg1 Qf4+ 35. Kb1 Nf8 36. Qxg7 Kb7 37. a3 Ne6 38. Qg4 Qd6 39. Qg6 Qh2 40. Rf1 Nd4 41. Rc1 Rf8 42. Qg1 Rh8 43. b4 cxb4 44. Qxd4 bxc3 45. Qxc3 Rc8 46. a4 c5 47. Qb3 Rb8 48. a5 Ka7 49. Ka1 Qh8+ 50. c3 bxa5 51. Qa3 Rb5 52. Rb1 Rxb1+ 53. Kxb1 Qh1+ 54. Kc2 Qg2+ 55. Kb3 Qg8+ 56. c4 Kb6 57. Ka2 Qg2+ 58. Qb2+ Qxb2+ 59. Kxb2 Kc6 60. Kb3 Kb6 61. Ka4 Kc6 62. Kxa5 Kb7 63. e5 Kc6 64. Kxa6 Kd7 65. Kb5 Ke6 66. Kxc5 Kxe5 67. Kb5 Kd6 68. Kb6 Kd7 69. d4 Kd6 70. c5+ Kd7 71. Kb7 Kd8 72. c6 Ke8 73. c7 Kd7 74. c8Q+ Kd6 75. Qe8 Kd5 76. Qe7 Kxd4 77. Qe6 Kc5 78. Qd7 Kb4 79. Qc6 Kb3 80. Qc5 Kb2 81. Qc4 Ka1 82. Qb4 Ka2 83. Kb6 Ka1 84. Kb5 Ka2 85. Kc4 Ka1 86. Kc3 Ka2 87. Qb2# 1-0